| 000 | 01200cam a2200337 a 4500 | ||
|---|---|---|---|
| 001 | 000011655 | ||
| 005 | 20200929162521.0 | ||
| 008 | 871123s1984 onca b 000 0 eng d | ||
| 010 | _a87063352 | ||
| 020 | _a0870944657 | ||
| 035 | _a(OCoLC)17829214 | ||
| 040 |
_aDO-SdBNP _cDLC _dDLC |
||
| 042 | _alccopycat | ||
| 043 |
_an-us--- _an-cn--- |
||
| 082 |
_a658.500973 _bB929m |
||
| 100 | 1 |
_aBuffa, Elwood S. _927604 |
|
| 245 | 1 | 0 |
_aMeeting the competitive challenge : _bmanufacturing strategy for U.S. companies / _cElwood S. Buffa. |
| 260 |
_aHomewood, Illinois : _bDow Jones-Irwin, _c1984. |
||
| 300 |
_axi,190 p. : _bill. ; _c23 cm. |
||
| 500 | _a"CAC 58." | ||
| 500 | _a"February 1988." | ||
| 500 | _aSponsored by C.D. Howe Institute (Canada) and the National Planning Association (U.S.A.). | ||
| 504 | _aIncludes bibliographical references (p. 51-53). | ||
| 650 | 4 |
_aAdministración de la producción _927605 |
|
| 651 | 4 |
_aEstados Unidos _xCondiciones Económicas _916082 |
|
| 710 | 2 |
_aC.D. Howe Research Institute. _927606 |
|
| 710 | 2 |
_aNational Planning Association. _927607 |
|
| 710 | 2 |
_aCanadian-American Committee. _927608 |
|
| 910 | _aCatalogación derivada | ||
| 049 | _aBNGR | ||
| 999 |
_c11343 _d11343 |
||